O slovenských spevoch a okolo nich.. Hovoríme s Ladislavom Galkom pri príležitosti jeho 65. narodenín

Bibliographic Details
Main Authors: Galko, Ladislav, 1916-1987 (Author), Lippoldová, Viera (Author)
Format: Article
Language:Slovak
PhysicalDescription:Obr. 1.
Subjects:

MARC

LEADER 00000nab a2200000 a 4500
001 vtls000099488
003 SK-MaSNL
005 20260304063538.0
008 250422c1981 xo 0 slo
015 |a SNBRB19rr/mm-uuuuu 
035 |a CL0109591 
035 |a urn:nbn:sk:snk-ab1umw 
035 |a (urnnbn)urn:nbn:sk:snk:ar-a00zn1 
035 |a (uuid)3e6906f9-1999-4f21-a772-7789b6cca22b 
040 |a SNKBUCL  |b slo  |c SNKBUCL  |e AACR2 
041 0 |a slo 
044 |a xo  |c SK 
080 |a 78.071  |2 1981 
080 |a 929 Galko, Ladislav  |2 1981 
100 1 |a Galko, Ladislav,  |d 1916-1987  |4 aut  |9 92902 
245 1 0 |a O slovenských spevoch a okolo nich..  |b Hovoríme s Ladislavom Galkom pri príležitosti jeho 65. narodenín  |c Ladislav Galko, Viera Lippoldová 
300 |b Obr. 1. 
600 1 7 |a Galko, Ladislav,  |d 1916-1987  |2 snkbucl  |9 92902 
655 7 |a články z novín a časopisov  |2 snkbucl  |9 267496 
700 1 |a Lippoldová, Viera  |4 aut  |9 998978 
773 0 |t Hudobný život  |g Roč. 13, č. 20 (1981), s. 4 
850 |a Slovenská národná knižnica 
852 |a Slovenská národná knižnica 
954 |a odborná, vedecká literatúra pôvodná (slovenská)  |2 lita 
958 |a article27 
958 |a OND 
958 |a RK 
958 |a EUIPO 
992 |a RBX 
999 |c 2743046  |d 2744976